[Event "Stuttgarter Stadtmeisterschaft A-Turnie"]
[Site "Ditzingen"]
[Date "2009.05.23"]
[Round "5.49"]
[White "Weißbeck, Simon"]
[Black "Schlachetzki, Horst"]
[Result "1/2-1/2"]
[WhiteElo "1959"]
[BlackElo "1927"]
[PlyCount "75"]
[EventDate "2009.??.??"]
[WhiteTeam "Heilbronner SV"]
[BlackTeam "SC Leinfelden"]

1. e4 c5 2. c3 d5 3. exd5 Qxd5 4. d4 Nf6 5. Nf3 Bg4 6. Be2 e6 7. h3 Bh5 8. O-O
Nc6 9. Be3 cxd4 10. cxd4 Be7 11. Nc3 Qd6 12. Qb3 O-O 13. Rfd1 Rfd8 14. Rac1 Qb4
15. g4 Qxb3 16. axb3 Bg6 17. Ne5 Nb4 18. Bf3 Bc2 19. Rd2 Bxb3 20. Bxb7 Rab8 21.
Bf3 Rbc8 22. Ra1 a6 23. Bb7 Rc7 24. Bxa6 Ra8 25. Ra3 Bd5 26. Bf1 Rxa3 27. Nxd5
Nbxd5 28. bxa3 Bxa3 29. Ra2 Bf8 30. Ra8 Nxe3 31. fxe3 g6 32. Bg2 Kg7 33. g5 Nd7
34. Ng4 Bd6 35. Ra1 Bg3 36. d5 exd5 37. Bxd5 Bh4 38. Nf6 1/2-1/2

[Event "Stuttgarter Stadtmeisterschaft A-Turnie"]
[Site "Ditzingen"]
[Date "2009.05.23"]
[Round "5.51"]
[White "Reder, Erik"]
[Black "König, Dirk"]
[Result "0-1"]
[WhiteElo "1901"]
[BlackElo "2108"]
[PlyCount "78"]
[EventDate "2009.??.??"]
[WhiteTeam "SK e4 Gerlingen"]
[BlackTeam "SC Grunbach"]

1. c4 d6 2. g3 g6 3. Bg2 Bg7 4. Nc3 Nf6 5. e4 O-O 6. Nge2 c5 7. O-O Nc6 8. d3
Rb8 9. a3 a6 10. Rb1 b5 11. cxb5 axb5 12. b4 cxb4 13. axb4 Ne8 14. Be3 Nc7 15.
Qd2 Ne5 16. h3 Bxh3 17. f3 Be6 18. Kf2 f5 19. Nf4 fxe4 20. Nxe4 Qd7 21. Ng5 Bf5
22. g4 Be6 23. Rbc1 Bf7 24. Rh1 h6 25. Nxf7 Kxf7 26. Rxc7 Qxc7 27. Qa2+ Ke8 28.
Ne6 Nxd3+ 29. Ke2 Qc4 30. Qxc4 bxc4 31. Nxf8 Kxf8 32. Bxh6 Bxh6 33. Rxh6 Kg7
34. Rh1 Rxb4 35. Ke3 e5 36. Rd1 d5 37. g5 d4+ 38. Ke2 Nf4+ 39. Kf1 Rb2 0-1

[Event "Stuttgarter Stadtmeisterschaft A-Turnie"]
[Site "Ditzingen"]
[Date "2009.05.23"]
[Round "5.52"]
[White "Wenner, Tobias"]
[Black "Schmitz, Stefan"]
[Result "1-0"]
[WhiteElo "2202"]
[BlackElo "1891"]
[PlyCount "65"]
[EventDate "2009.??.??"]
[WhiteTeam "SC Eppingen"]
[BlackTeam "SC Rastatt"]

1. Nf3 Nf6 2. c4 c5 3. Nc3 d5 4. cxd5 Nxd5 5. g3 Nc6 6. Bg2 Nc7 7. O-O e5 8. a3
Be7 9. b4 Be6 10. b5 Nd4 11. Rb1 Nxf3+ 12. Bxf3 Nd5 13. Bb2 Qd6 14. Ne4 Qc7 15.
d3 f5 16. Nd2 O-O 17. Qc2 Rac8 18. Rfc1 Bg5 19. e3 b6 20. Qa4 Nxe3 21. Re1 Ng4
22. Bxg4 fxg4 23. Rxe5 Bf5 24. Qc4+ Kh8 25. Ne4 Bh6 26. Re1 Rce8 27. Nd6 Rxe5
28. Bxe5 Bg6 29. Nf5 Qd7 30. Nxh6 Bxd3 31. Rd1 Bxc4 32. Rxd7 Bxb5 33. Bxg7# 1-0

[Event "Stuttgarter Stadtmeisterschaft A-Turnie"]
[Site "Ditzingen"]
[Date "2009.05.23"]
[Round "5.53"]
[White "Gabriel, Josef"]
[Black "Tiemann, Tobias"]
[Result "1-0"]
[WhiteElo "2121"]
[BlackElo "1960"]
[PlyCount "105"]
[EventDate "2009.??.??"]
[WhiteTeam "Stuttgarter SF 1879"]
[BlackTeam "SABT TV Neuenbürg 1859"]

1. e4 c5 2. Nf3 e6 3. g3 Nc6 4. Bg2 a6 5. O-O d6 6. c3 Nf6 7. Qe2 e5 8. Na3 g6
9. Rd1 Bg7 10. d4 Qe7 11. dxc5 dxc5 12. Nc4 O-O 13. Nb6 Rb8 14. Nd5 Nxd5 15.
exd5 Nd8 16. d6 Qe8 17. Bg5 f6 18. Be3 b6 19. h4 Nf7 20. h5 g5 21. Nh2 Qd7 22.
Bd5 Kh8 23. Rd2 Nxd6 24. Bc4 Qc7 25. Bxa6 Bxa6 26. Qxa6 Nf5 27. Qd3 Nxe3 28.
Qxe3 h6 29. Rad1 Rbd8 30. g4 Qc8 31. Qe4 Rxd2 32. Rxd2 f5 33. gxf5 Rxf5 34. Nf1
Rf4 35. Qg6 Rf6 36. Qd3 Rf8 37. Ng3 Qe6 38. c4 Qg4 39. b3 Qd4 40. Qe2 Qf4 41.
Rd6 Rf6 42. Rxf6 Qxf6 43. Qe4 Qf4 44. Qg6 Qf6 45. Qxf6 Bxf6 46. Ne4 Be7 47. Kg2
Kg7 48. Kf3 Kf7 49. Nc3 Bd8 50. Ke4 Ke6 51. f3 Bc7 52. Nd5 Bd8 53. a3 1-0

[Event "Stuttgarter Stadtmeisterschaft A-Turnie"]
[Site "Ditzingen"]
[Date "2009.05.23"]
[Round "5.54"]
[White "Stitterich, Nadine"]
[Black "Bissbort, Julian"]
[Result "1/2-1/2"]
[WhiteElo "1918"]
[BlackElo "2053"]
[PlyCount "65"]
[EventDate "2009.??.??"]
[WhiteTeam "SV Stuttgart-Wolfbusch 1956 e.V."]
[BlackTeam "Heilbronner SV"]

1. e4 d5 2. exd5 Nf6 3. d4 Nxd5 4. Nf3 g6 5. h3 Bg7 6. Bc4 O-O 7. O-O Nb6 8.
Bb3 Nc6 9. c3 Bf5 10. Re1 Re8 11. Ng5 e6 12. Bf4 Nd5 13. Bc1 h6 14. Ne4 Bxe4
15. Rxe4 Qf6 16. Nd2 Rad8 17. Re1 e5 18. Bxd5 Rxd5 19. Qb3 Red8 20. Ne4 Qh4 21.
Qxb7 Na5 22. Qxc7 exd4 23. Qf4 Qxf4 24. Bxf4 f5 25. Bc7 R8d7 26. Bxa5 fxe4 27.
b4 dxc3 28. Rac1 Rd3 29. b5 R7d5 30. a4 a6 31. Bb4 axb5 32. axb5 Rxb5 33. Rxe4
1/2-1/2

[Event "Stuttgarter Stadtmeisterschaft A-Turnie"]
[Site "Ditzingen"]
[Date "2009.05.23"]
[Round "5.55"]
[White "Viehoff, Jürgen"]
[Black "Zeh, Rolf"]
[Result "0-1"]
[WhiteElo "1835"]
[BlackElo "2048"]
[PlyCount "92"]
[EventDate "2009.??.??"]
[WhiteTeam "SC Stetten a.d.F."]
[BlackTeam "SV 23 Böckingen"]

1. d4 d5 2. Nf3 Bf5 3. c4 c6 4. Nc3 e6 5. Qb3 Qb6 6. c5 Qc7 7. Bf4 Qc8 8. Ne5
f6 9. Nf3 g5 10. Nxg5 e5 11. dxe5 fxg5 12. Bxg5 Bxc5 13. Rc1 Be6 14. Qa4 Nd7
15. b4 Nb6 16. Qa5 Bd4 17. Nb5 Bxe5 18. f4 Nc4 19. fxe5 cxb5 20. Qxb5+ Qd7 21.
Qc5 b6 22. Qd4 Qg7 23. Bf6 Nxf6 24. exf6 Qf7 25. e4 Rc8 26. e5 Qh5 27. Be2 Qg5
28. O-O Qe3+ 29. Qxe3 Nxe3 30. Rxc8+ Bxc8 31. Bh5+ Kd8 32. Rf3 Nc4 33. Bf7 Nxe5
34. Re3 Nxf7 35. Re7 Rf8 36. Rxa7 Ne5 37. Rxh7 Rxf6 38. Rh4 Ba6 39. h3 Ke7 40.
a4 Kd6 41. a5 bxa5 42. bxa5 Ng6 43. Rb4 Kc5 44. Rb8 d4 45. g3 d3 46. Rd8 Rd6
0-1

[Event "Stuttgarter Stadtmeisterschaft A-Turnie"]
[Site "Ditzingen"]
[Date "2009.05.23"]
[Round "5.56"]
[White "Gogollok, Carsten"]
[Black "von Schwerin, Clemens"]
[Result "0-1"]
[WhiteElo "2043"]
[BlackElo "1886"]
[PlyCount "146"]
[EventDate "2009.??.??"]
[WhiteTeam "BG Buchen"]
[BlackTeam "SAbt SV Jedesheim 1921"]

1. d4 Nf6 2. c4 c5 3. d5 b5 4. Qc2 bxc4 5. e4 d6 6. Bxc4 g6 7. f4 Bg7 8. Nf3
O-O 9. O-O Ba6 10. Bxa6 Nxa6 11. Nc3 Nd7 12. Qe2 Nc7 13. g4 e6 14. dxe6 Nxe6
15. Rd1 Nd4 16. Nxd4 cxd4 17. Nd5 Re8 18. g5 Nc5 19. Qg4 Nxe4 20. Qh4 Rc8 21.
Rd3 h5 22. f5 Rc5 23. f6 Rxd5 24. fxg7 Nxg5 25. Qg3 Ne4 26. Qg2 Qh4 27. Bd2 Rf5
28. Be1 Qf6 29. h4 Rf4 30. Bg3 Rg4 31. Rf1 Qe7 32. Rdf3 Nxg3 33. Rxg3 Qxh4 34.
Rxg4 Qxg4 35. Qxg4 hxg4 36. Kf2 d3 37. Rb1 d2 38. Rd1 Kxg7 39. Rxd2 Re6 40. b4
f5 41. b5 Kf6 42. a4 Ke7 43. a5 Re5 44. Rb2 Kd7 45. b6 axb6 46. axb6 Re8 47.
Rc2 Rc8 48. Rb2 Rb8 49. Kg3 Kc6 50. Re2 Rxb6 51. Re6 g5 52. Rf6 Rb3+ 53. Kg2
Rf3 54. Rg6 Kc5 55. Rxg5 d5 56. Rg8 Kc4 57. Rc8+ Kd3 58. Ra8 d4 59. Ra3+ Ke2
60. Ra2+ Ke3 61. Ra3+ d3 62. Rb3 Ke2 63. Rb5 d2 64. Re5+ Re3 65. Rxf5 d1=Q 66.
Rf2+ Kd3 67. Rf1 Qxf1+ 68. Kxf1 Re2 69. Kg1 Ke3 70. Kf1 Kf3 71. Kg1 Rf2 72. Kh1
Kg3 73. Kg1 Rf8 0-1

[Event "Stuttgarter Stadtmeisterschaft A-Turnie"]
[Site "Ditzingen"]
[Date "2009.05.23"]
[Round "5.57"]
[White "Siegle, Florian"]
[Black "Nusser, Jens"]
[Result "1-0"]
[WhiteElo "2013"]
[BlackElo "1875"]
[PlyCount "95"]
[EventDate "2009.??.??"]
[WhiteTeam "Stuttgarter SF 1879"]
[BlackTeam "SC Schachmatt Botnang"]

1. e4 c5 2. Nf3 d6 3. b3 Nf6 4. Nc3 Nc6 5. Bb2 e5 6. Be2 Be7 7. O-O O-O 8. Ne1
d5 9. exd5 Nxd5 10. Bc4 Be6 11. Nxd5 Bxd5 12. Bxd5 Qxd5 13. d3 Rad8 14. Qh5 g6
15. Qh6 Nd4 16. Qe3 f5 17. f3 f4 18. Qe4 Qxe4 19. fxe4 Kf7 20. Rf2 Ke6 21. Nf3
g5 22. Rd1 g4 23. c3 Nxf3+ 24. gxf3 Rg8 25. Kg2 Rg6 26. fxg4 Rxg4+ 27. Kf3 h5
28. d4 cxd4 29. cxd4 exd4 30. Rxd4 Rxd4 31. Bxd4 b6 32. Rc2 Bd6 33. Bf2 Rg7 34.
Rc8 Rg5 35. Ra8 Rg7 36. Bd4 Rc7 37. e5 Bc5 38. Bxc5 bxc5 39. Kxf4 c4 40. bxc4
Rxc4+ 41. Kg5 Ra4 42. Re8+ Kf7 43. Rh8 Rxa2 44. Rxh5 a5 45. Kf4 a4 46. Rh3 a3
47. Rf3 Rxh2 48. Kg3+ 1-0

[Event "Stuttgarter Stadtmeisterschaft A-Turnie"]
[Site "Ditzingen"]
[Date "2009.05.23"]
[Round "5.58"]
[White "Hirschfeld, Dennis"]
[Black "Stegmaier, Michael"]
[Result "1-0"]
[WhiteElo "1984"]
[BlackElo "1802"]
[PlyCount "75"]
[EventDate "2009.??.??"]
[WhiteTeam "SV Besigheim"]
[BlackTeam "SC Tamm 74"]

1. d4 d5 2. c4 c6 3. cxd5 cxd5 4. Nc3 Nf6 5. Nf3 Nc6 6. Bf4 Bf5 7. e3 e6 8. Bb5
Bb4 9. Qa4 Bxc3+ 10. bxc3 Qb6 11. Ne5 Rc8 12. Nxc6 bxc6 13. Ba6 Rd8 14. O-O O-O
15. f3 Nh5 16. Bg5 Nf6 17. e4 dxe4 18. Rab1 Qc7 19. Rb7 Qd6 20. fxe4 Bxe4 21.
Bf4 Qd5 22. Bc4 Qh5 23. Rxa7 c5 24. Bc7 Ng4 25. h3 Ne3 26. Bxd8 Qg6 27. g4 Nxf1
28. Be7 Qh6 29. Kxf1 Qxh3+ 30. Ke2 Qf3+ 31. Kd2 cxd4 32. cxd4 Qf4+ 33. Kc3 Qc1+
34. Kb4 Rb8+ 35. Bb5 Qd2+ 36. Kc5 Rc8+ 37. Kb6 Rb8+ 38. Ka6 1-0

[Event "Stuttgarter Stadtmeisterschaft A-Turnie"]
[Site "Ditzingen"]
[Date "2009.05.23"]
[Round "5.59"]
[White "Stein, Carsten"]
[Black "Töws, Manuel"]
[Result "0-1"]
[WhiteElo "1972"]
[BlackElo "1863"]
[PlyCount "102"]
[EventDate "2009.??.??"]
[WhiteTeam "SK Wernau"]
[BlackTeam "SC Widdern"]

1. e4 c5 2. c3 d5 3. exd5 Qxd5 4. Nf3 Nf6 5. d4 Bg4 6. Be2 e6 7. O-O Nc6 8. Be3
cxd4 9. cxd4 Bd6 10. h3 Bh5 11. Nc3 Qa5 12. Qb3 Qb4 13. Qxb4 Bxb4 14. a3 Ba5
15. b4 Bb6 16. Na4 O-O 17. Nc5 Bxc5 18. dxc5 Nd5 19. Bd2 Rad8 20. Rfd1 Rd7 21.
Ne5 Nxe5 22. Bxh5 Rfd8 23. Be2 Nc6 24. Bg5 f6 25. Bh4 g5 26. Bg3 Nc3 27. Re1
Nxe2+ 28. Rxe2 e5 29. f3 Rd2 30. Rxd2 Rxd2 31. Bf2 a6 32. Kf1 Kf7 33. Ke1 Rd7
34. Ke2 Ke6 35. Rb1 Nd4+ 36. Bxd4 Rxd4 37. Rd1 Kd5 38. Rxd4+ exd4 39. Kd3 f5
40. g3 h5 41. g4 fxg4 42. fxg4 h4 43. a4 a5 44. c6 bxc6 45. b5 cxb5 46. axb5
Kc5 47. b6 Kxb6 48. Kxd4 a4 49. Kc4 Ka5 50. Kc3 Kb5 51. Kb2 Kc5 0-1

[Event "Stuttgarter Stadtmeisterschaft A-Turnie"]
[Site "Ditzingen"]
[Date "2009.05.23"]
[Round "5.60"]
[White "Schembera, Jörg"]
[Black "Grünert, Thomas"]
[Result "1-0"]
[WhiteElo "1828"]
[BlackElo "1970"]
[PlyCount "53"]
[EventDate "2009.??.??"]
[WhiteTeam "SF Oeffingen e.V."]
[BlackTeam "SF Illingen"]

1. d4 d5 2. c4 e6 3. Nc3 c6 4. Nf3 Bd6 5. e4 dxe4 6. Nxe4 Bb4+ 7. Bd2 Bxd2+ 8.
Qxd2 Nf6 9. Bd3 O-O 10. O-O Nxe4 11. Bxe4 f5 12. Bc2 Qf6 13. Rfe1 Nd7 14. c5
Rd8 15. Rxe6 Qf8 16. Bb3 Kh8 17. Rd6 Nf6 18. Rxd8 Qxd8 19. Ng5 Qf8 20. Re1 h6
21. Nf7+ Kh7 22. Nd6 b5 23. Re5 Ng4 24. Re8 Qf6 25. h3 Bb7 26. Rxa8 Bxa8 27.
hxg4 1-0

[Event "Stuttgarter Stadtmeisterschaft A-Turnie"]
[Site "Ditzingen"]
[Date "2009.05.23"]
[Round "5.61"]
[White "Paschmann, Stefan"]
[Black "Meinecke, Klaus-Hinrich"]
[Result "1/2-1/2"]
[WhiteElo "1961"]
[BlackElo "1853"]
[PlyCount "81"]
[EventDate "2009.??.??"]
[WhiteTeam "Krefelder Schachklub Turm 1851 e"]
[BlackTeam "SAbt TSV Münchingen"]

1. d4 Nf6 2. Nf3 b6 3. Bf4 e6 4. e3 Bb7 5. Nbd2 h6 6. h3 d6 7. Bd3 Nd5 8. Bg3
Nb4 9. Be2 a5 10. c3 N4a6 11. O-O Be7 12. a3 c6 13. a4 Nd7 14. Nc4 Qc7 15. e4
O-O 16. e5 d5 17. Ne3 c5 18. Rc1 Nab8 19. Ng4 Ba6 20. Bb5 Bxb5 21. axb5 Qd8 22.
Re1 h5 23. Ne3 g6 24. Nd2 Kg7 25. f4 Rh8 26. Nf3 Nf8 27. h4 Nbd7 28. Kh2 Ra7
29. Kh3 Nh7 30. Ng5 Nhf8 31. Nc2 Nh7 32. Qf3 Ndf8 33. Qf1 Qd7 34. Kh2 Qe8 35.
c4 dxc4 36. Qxc4 Qd8 37. Rcd1 Qc7 38. d5 exd5 39. Rxd5 Bxg5 40. hxg5 Ne6 41.
Red1 1/2-1/2

[Event "Stuttgarter Stadtmeisterschaft A-Turnie"]
[Site "Ditzingen"]
[Date "2009.05.23"]
[Round "5.62"]
[White "Podbicanin, Abaz"]
[Black "Schäfer, Michael"]
[Result "0-1"]
[WhiteElo "1941"]
[BlackElo "1920"]
[PlyCount "68"]
[EventDate "2009.??.??"]
[BlackTeam "SC Tamm 74"]

1. e4 d6 2. d4 g6 3. f4 Bg7 4. Nf3 Nf6 5. Bd3 O-O 6. O-O c5 7. c3 cxd4 8. cxd4
Nc6 9. Nc3 Bg4 10. Be3 Nd7 11. Be2 e6 12. b3 a6 13. e5 Bxf3 14. Bxf3 d5 15. Rc1
Rc8 16. Na4 b5 17. Nc5 Nxc5 18. Rxc5 Qd7 19. Qd2 Rfe8 20. Rfc1 Bf8 21. R5c2 Ba3
22. Rf1 Rc7 23. Qe2 Rec8 24. Bc1 Nxd4 25. Bxa3 Rxc2 26. Qd3 Nxf3+ 27. Qxf3 Qa7+
28. Kh1 Rxa2 29. Bc1 Rcc2 30. Be3 Qc7 31. b4 Qc4 32. f5 exf5 33. e6 fxe6 34.
Qg3 Qxf1+ 0-1

[Event "Stuttgarter Stadtmeisterschaft A-Turnie"]
[Site "Ditzingen"]
[Date "2009.05.23"]
[Round "5.63"]
[White "Zieher, Andre"]
[Black "Osswald, Michael"]
[Result "1-0"]
[WhiteElo "1929"]
[BlackElo "1972"]
[PlyCount "39"]
[EventDate "2009.??.??"]
[WhiteTeam "SC Ingersheim e.V."]
[BlackTeam "SC Mühlacker 1923 e.V."]

1. f4 d5 2. Nf3 c5 3. e3 Nc6 4. Bb5 e6 5. O-O g6 6. c3 Bg7 7. Ne5 Nge7 8. d4
cxd4 9. exd4 O-O 10. Nd2 Nxe5 11. fxe5 Bxe5 12. dxe5 Qb6+ 13. Kh1 Qxb5 14. Nf3
Nf5 15. g4 Ng7 16. Nd4 Qb6 17. Bh6 Qc7 18. Qe1 Qe7 19. Qf2 Rd8 20. Bg5 1-0

[Event "Stuttgarter Stadtmeisterschaft A-Turnie"]
[Site "Ditzingen"]
[Date "2009.05.23"]
[Round "6.1"]
[White "Ovsejevitsch, Sergei"]
[Black "Strunski, Andreas"]
[Result "1-0"]
[WhiteElo "2580"]
[BlackElo "2329"]
[PlyCount "47"]
[EventDate "2009.??.??"]

1. d4 d5 2. c4 c6 3. e3 Nf6 4. Nc3 e6 5. Nf3 Nbd7 6. Bd3 dxc4 7. Bxc4 b5 8. Be2
a6 9. e4 b4 10. e5 bxc3 11. exf6 Nxf6 12. bxc3 c5 13. Ne5 Bb7 14. Qa4+ Nd7 15.
d5 Bxd5 16. c4 Bxg2 17. Rg1 Be4 18. Bg5 Qc7 19. O-O-O f6 20. Rxd7 Bc6 21. Bh5+
g6 22. Rxc7 Bxa4 23. Bxf6 Rb8 24. Rxg6 1-0

[Event "Stuttgarter Stadtmeisterschaft A-Turnie"]
[Site "Ditzingen"]
[Date "2009.05.23"]
[Round "6.2"]
[White "Chetverik, Maxim"]
[Black "Strohhäker, Raoul"]
[Result "1-0"]
[WhiteElo "2323"]
[BlackElo "2449"]
[PlyCount "49"]
[EventDate "2009.??.??"]

1. d4 c5 2. d5 Nf6 3. Nc3 g6 4. e4 d6 5. Nf3 Bg7 6. Be2 O-O 7. O-O Bg4 8. Nd2
Bxe2 9. Qxe2 Na6 10. Nc4 Nc7 11. a4 Rb8 12. Qd3 a6 13. a5 Nb5 14. Na4 Nd4 15.
Bg5 h6 16. Be3 Ng4 17. Bxd4 cxd4 18. Nab6 f5 19. exf5 gxf5 20. f4 Qc7 21. Rae1
Rbe8 22. h3 Ne3 23. Nxe3 dxe3 24. Rxe3 Qc5 25. Nd7 1-0

[Event "Stuttgarter Stadtmeisterschaft A-Turnie"]
[Site "Ditzingen"]
[Date "2009.05.23"]
[Round "6.3"]
[White "Reinhardt, Bernd"]
[Black "Svetushkin, Dmitry"]
[Result "0-1"]
[WhiteElo "2344"]
[BlackElo "2615"]
[PlyCount "38"]
[EventDate "2009.??.??"]

1. d4 d5 2. Nf3 Nf6 3. c3 e6 4. Bf4 Bd6 5. e3 O-O 6. Nbd2 c5 7. Bxd6 Qxd6 8.
Bd3 Nc6 9. Qe2 e5 10. dxc5 Qxc5 11. e4 Bg4 12. exd5 e4 13. Nxe4 Nxe4 14. dxc6
Rae8 15. Bxe4 f5 16. Qc2 Rxe4+ 17. Kf1 Qc4+ 18. Kg1 Bxf3 19. gxf3 Re6 0-1

[Event "Stuttgarter Stadtmeisterschaft A-Turnie"]
[Site "Ditzingen"]
[Date "2009.05.23"]
[Round "6.4"]
[White "Schuh, Dirk"]
[Black "Luther, Thomas"]
[Result "1/2-1/2"]
[WhiteElo "2313"]
[BlackElo "2537"]
[PlyCount "93"]
[EventDate "2009.??.??"]

1. e4 Nf6 2. e5 Nd5 3. d4 d6 4. c4 Nb6 5. exd6 exd6 6. Nc3 Nc6 7. Nf3 Be7 8.
Be2 O-O 9. b3 Re8 10. O-O Bf6 11. Bb2 Bg4 12. d5 Rxe2 13. Nxe2 Bxb2 14. dxc6
Bxf3 15. gxf3 Bxa1 16. cxb7 Rb8 17. Qxa1 Rxb7 18. Ng3 Nd7 19. f4 Qf6 20. Qe1 c5
21. Qe8+ Nf8 22. Re1 Rd7 23. f5 h5 24. Nxh5 Qxf5 25. Ng3 Qg5 26. Kg2 d5 27.
cxd5 Qxd5+ 28. Qe4 Ne6 29. Qxd5 Rxd5 30. Re4 g6 31. Ra4 Rd7 32. Ne4 Kg7 33. Nc3
Nd4 34. Rc4 Ne6 35. Ne4 Rc7 36. Kf1 f5 37. Nc3 Rd7 38. Ra4 Kf6 39. Nb5 Rd1+ 40.
Ke2 Rh1 41. h4 Ke5 42. Nxa7 Nd4+ 43. Kd3 Rd1+ 44. Kc4 Rc1+ 45. Kd3 Rd1+ 46. Kc4
Rc1+ 47. Kd3 1/2-1/2

[Event "Stuttgarter Stadtmeisterschaft A-Turnie"]
[Site "Ditzingen"]
[Date "2009.05.23"]
[Round "6.5"]
[White "Gutman, Lev"]
[Black "Weber, Tom"]
[Result "1-0"]
[WhiteElo "2494"]
[BlackElo "2315"]
[PlyCount "60"]
[EventDate "2009.??.??"]

1. Nf3 Nf6 2. g3 g6 3. Bg2 Bg7 4. O-O c5 5. d4 cxd4 6. Nxd4 d5 7. c4 dxc4 8.
Nb5 Nfd7 9. N1a3 Nc6 10. Nxc4 Nce5 11. Nxe5 Bxe5 12. Bh6 a6 13. Nc3 Rb8 14. Rc1
Nf6 15. Qxd8+ Kxd8 16. Rfd1+ Ke8 17. h3 Be6 18. Na4 Bc8 19. b3 Nd7 20. Rc2 e6
21. f4 Bf6 22. e4 e5 23. Nc3 Rg8 24. Nd5 Bd8 25. h4 Nb6 26. fxe5 Bg4 27. Re1
Rc8 28. Rxc8 Nxc8 29. Bg5 Kd7 30. Bxd8 Kxd8 1-0

[Event "Stuttgarter Stadtmeisterschaft A-Turnie"]
[Site "Ditzingen"]
[Date "2009.05.23"]
[Round "6.6"]
[White "Gschnitzer, Oswald"]
[Black "Gheng, Josef"]
[Result "1-0"]
[WhiteElo "2429"]
[BlackElo "2310"]
[PlyCount "75"]
[EventDate "2009.??.??"]

1. Nf3 d5 2. d4 Nf6 3. c4 dxc4 4. e3 a6 5. Bxc4 e6 6. O-O c5 7. Bb3 Nc6 8. Qe2
b5 9. a4 Bd7 10. Rd1 c4 11. Bc2 Nb4 12. e4 Nxc2 13. Qxc2 Bb4 14. Bg5 h6 15.
Bxf6 gxf6 16. Nc3 Rc8 17. Ne2 bxa4 18. Rxa4 a5 19. Raa1 Qc7 20. d5 h5 21. dxe6
Bxe6 22. Nc3 Qf4 23. Nd5 Bxd5 24. exd5 Rg8 25. Qe2+ Kf8 26. Rd4 Qf5 27. Rxc4
Rd8 28. g3 Rxd5 29. Nh4 Qe6 30. Qf3 Rg4 31. Rac1 Rxc4 32. Rxc4 Bd2 33. Kg2 Kg7
34. Re4 Qd7 35. Re7 Qb5 36. Qe4 Kf8 37. Ng6+ Kg7 38. Qe6 1-0

[Event "Stuttgarter Stadtmeisterschaft A-Turnie"]
[Site "Ditzingen"]
[Date "2009.05.23"]
[Round "6.8"]
[White "Lubbe, Nikolas"]
[Black "Hirneise, Jens"]
[Result "1/2-1/2"]
[WhiteElo "2369"]
[BlackElo "2308"]
[PlyCount "48"]
[EventDate "2009.??.??"]

1. e4 c5 2. Nf3 Nc6 3. d4 cxd4 4. Nxd4 Nf6 5. Nc3 d6 6. Bg5 e6 7. Qd2 a6 8.
O-O-O Bd7 9. f3 Be7 10. h4 h6 11. Be3 h5 12. Kb1 Qc7 13. Nb3 Ne5 14. Qf2 b5 15.
g4 hxg4 16. f4 Nf3 17. a3 Rb8 18. Be2 Bc6 19. Bxf3 gxf3 20. Qxf3 d5 21. Qg3
dxe4 22. Qxg7 Rg8 23. Qh6 Rg6 24. Qh8+ Rg8 1/2-1/2

[Event "Stuttgarter Stadtmeisterschaft A-Turnie"]
[Site "Ditzingen"]
[Date "2009.05.23"]
[Round "6.9"]
[White "Imhof, Thomas"]
[Black "Vuckovic, Aleksandar"]
[Result "0-1"]
[WhiteElo "2120"]
[BlackElo "2326"]
[PlyCount "136"]
[EventDate "2009.??.??"]

1. e4 c5 2. Nf3 Nc6 3. d4 cxd4 4. Nxd4 g6 5. c4 Bg7 6. Be3 Nf6 7. Nc3 Ng4 8.
Qxg4 Nxd4 9. Qd1 Ne6 10. Be2 Bxc3+ 11. bxc3 Qc7 12. O-O b6 13. Qc2 Ba6 14. Qa4
Bb7 15. f3 O-O 16. Rad1 d6 17. Rd2 Rfc8 18. Bd3 Nc5 19. Bxc5 Qxc5+ 20. Kh1 Bc6
21. Qd1 Bd7 22. f4 Be6 23. f5 Bxc4 24. f6 exf6 25. Bxc4 Qxc4 26. Rxd6 Qxc3 27.
Rdxf6 Rc7 28. h3 Re8 29. Qd5 Ree7 30. Rd6 Qc4 31. Qa8+ Kg7 32. Rdf6 Rc8 33. Qd5
Qxd5 34. exd5 Rd7 35. d6 Rc6 36. R6f2 Rcxd6 37. a4 Rd4 38. Ra2 R7d5 39. Rfa1
Rd1+ 40. Rxd1 Rxd1+ 41. Kh2 Rd5 42. Rc2 Rd4 43. a5 bxa5 44. Rc7 a4 45. Rxa7 h5
46. Kg3 h4+ 47. Kf3 g5 48. Ke3 Rb4 49. Kf2 Rf4+ 50. Ke3 Kg6 51. Ra6+ f6 52. Ra7
Kf5 53. Re7 Rb4 54. Ra7 Rb3+ 55. Kf2 a3 56. Ra4 Ke5 57. Ke2 Rg3 58. Kf2 Kd5 59.
Kf1 Kc5 60. Ra6 f5 61. Kf2 Kc4 62. Rc6+ Kb3 63. Rb6+ Kc2 64. Ra6 Kb2 65. Ra5 a2
66. Rb5+ Rb3 67. Ra5 a1=Q 68. Rxa1 Kxa1 0-1

[Event "Stuttgarter Stadtmeisterschaft A-Turnie"]
[Site "Ditzingen"]
[Date "2009.05.23"]
[Round "6.10"]
[White "Germer, Philipp"]
[Black "Raupp, Thomas"]
[Result "1/2-1/2"]
[WhiteElo "2177"]
[BlackElo "2311"]
[PlyCount "90"]
[EventDate "2009.??.??"]

1. e4 c5 2. Nf3 e6 3. d4 cxd4 4. Nxd4 a6 5. Bd3 Bc5 6. Nb3 Ba7 7. Qe2 Nc6 8.
Be3 Nge7 9. Nc3 d6 10. O-O e5 11. Bxa7 Rxa7 12. a4 Be6 13. Bc4 O-O 14. Rfd1 Qc7
15. Bxe6 fxe6 16. Qc4 Rf6 17. a5 Ra8 18. Rd2 Raf8 19. Rad1 Nc8 20. f3 R8f7 21.
Kh1 N6a7 22. Qd3 Qc6 23. Ra1 Rc7 24. Na4 Nb5 25. Qe3 Qc4 26. Nb6 Qc6 27. Rad1
Nba7 28. Rd3 Rff7 29. c3 Qe8 30. Nd2 Qb5 31. b3 Qxa5 32. Ndc4 Qc5 33. Nxc8 Qxe3
34. Rxe3 Nxc8 35. Red3 Kf8 36. Nxd6 Nxd6 37. Rxd6 Rxc3 38. Rxe6 Rd7 39. Re1
Rxb3 40. Rxe5 Rd2 41. h4 Rbb2 42. Rc1 Rxg2 43. Rc8+ Kf7 44. Rc7+ Kf6 45. Rce7
Rh2+ 1/2-1/2

[Event "Stuttgarter Stadtmeisterschaft A-Turnie"]
[Site "Ditzingen"]
[Date "2009.05.23"]
[Round "6.11"]
[White "Fiderer, Lukas"]
[Black "Kunz, Konstantin"]
[Result "1-0"]
[WhiteElo "2153"]
[BlackElo "2263"]
[PlyCount "110"]
[EventDate "2009.??.??"]
[WhiteTeam "OSC - SG Baden-Baden 1922 e.V."]
[BlackTeam "SC Kitzingen von 1905"]

1. e4 c5 2. Nf3 e6 3. Nc3 Nc6 4. d4 cxd4 5. Nxd4 Qc7 6. Be2 a6 7. O-O Nf6 8.
Be3 Be7 9. f4 d6 10. a4 O-O 11. Kh1 Nxd4 12. Qxd4 e5 13. Qd3 exf4 14. Bxf4 Be6
15. Qg3 Kh8 16. Rad1 Rfd8 17. Rd4 Qb6 18. Rfd1 Qxb2 19. Rb1 Qa3 20. Rxb7 Qc5
21. Qd3 Ng8 22. Nd5 Bxd5 23. Rxd5 Qc6 24. Qb3 Qe8 25. Ra5 Nf6 26. Rxa6 Rxa6 27.
Bxa6 Nxe4 28. Bb5 Qf8 29. Qe3 d5 30. h3 Bc5 31. Qf3 Bd4 32. Qb3 Nc5 33. Qb4
Nxb7 34. Qxd4 Qc5 35. Qxc5 Nxc5 36. a5 Ra8 37. Bc7 Na6 38. Bb6 Nb8 39. c3 f6
40. Ba4 g6 41. Bb3 Nd7 42. Bxd5 Rb8 43. Bd4 Rb5 44. Be6 Rxa5 45. Bxd7 Kg7 46.
c4 Kf7 47. c5 Ke7 48. c6 f5 49. Kh2 Kd6 50. Bg7 Ra2 51. Kg3 Rc2 52. Kf3 Ra2 53.
Bf8+ Kc7 54. Bc5 Ra5 55. Bb4 Ra4 1-0

[Event "Stuttgarter Stadtmeisterschaft A-Turnie"]
[Site "Ditzingen"]
[Date "2009.05.23"]
[Round "6.12"]
[White "Braun, Peter"]
[Black "Braun, Joachim"]
[Result "1-0"]
[WhiteElo "2254"]
[BlackElo "2114"]
[PlyCount "85"]
[EventDate "2009.??.??"]

1. d4 d5 2. c4 e6 3. Nc3 Nf6 4. cxd5 exd5 5. Bg5 Be7 6. e3 O-O 7. Bd3 c6 8. Qc2
Nbd7 9. Nf3 Re8 10. h3 Nf8 11. Bf4 Bd6 12. Bxd6 Qxd6 13. O-O-O Be6 14. Kb1 Rac8
15. g4 c5 16. Bb5 Red8 17. dxc5 Qxc5 18. Nd4 Ne4 19. Nxe4 Qxc2+ 20. Nxc2 dxe4
21. Rxd8 Rxd8 22. Nd4 g6 23. Rc1 a6 24. Bc4 Bxc4 25. Rxc4 Rd7 26. Kc2 Re7 27.
Ne2 f5 28. gxf5 gxf5 29. Rc5 Rf7 30. Ng3 Ne6 31. Rxf5 Rxf5 32. Nxf5 Ng5 33. Nd6
Nxh3 34. Nxe4 b6 35. f4 Ng1 36. Kd3 Kg7 37. Ng3 Kg6 38. e4 h5 39. Nf5 Kf6 40.
Ke3 Nh3 41. Nd4 Ng1 42. Ne2 Nh3 43. Kf3 1-0